<?xml version="1.0" encoding="UTF-8"?>
<record
    xmlns:xsi="http://www.w3.org/2001/XMLSchema-instance"
    xsi:schemaLocation="http://www.loc.gov/MARC21/slim http://www.loc.gov/standards/marcxml/schema/MARC21slim.xsd"
    xmlns="http://www.loc.gov/MARC21/slim">

  <leader>00866nam a22002177a 4500</leader>
  <datafield tag="999" ind1=" " ind2=" ">
    <subfield code="c">75927</subfield>
    <subfield code="d">75927</subfield>
  </datafield>
  <controlfield tag="005">20230804150933.0</controlfield>
  <controlfield tag="008">      s2558    th                  tha d</controlfield>
  <datafield tag="020" ind1=" " ind2=" ">
    <subfield code="a">9786162756184</subfield>
  </datafield>
  <datafield tag="040" ind1=" " ind2=" ">
    <subfield code="a">NALT</subfield>
  </datafield>
  <datafield tag="041" ind1=" " ind2=" ">
    <subfield code="a">tha</subfield>
  </datafield>
  <datafield tag="050" ind1=" " ind2=" ">
    <subfield code="a">PE 1131 </subfield>
    <subfield code="b">&#xE1A;351&#xE2D; 2558</subfield>
  </datafield>
  <datafield tag="100" ind1="0" ind2=" ">
    <subfield code="a">B Team</subfield>
    <subfield code="9">23082</subfield>
  </datafield>
  <datafield tag="245" ind1="1" ind2="0">
    <subfield code="a">English around the world &#xE43;&#xE0A;&#xE49;&#xE20;&#xE32;&#xE29;&#xE32;&#xE2D;&#xE31;&#xE07;&#xE01;&#xE24;&#xE29;&#xE40;&#xE14;&#xE34;&#xE19;&#xE17;&#xE32;&#xE07;&#xE23;&#xE2D;&#xE1A;&#xE42;&#xE25;&#xE01;&#xE44;&#xE14;&#xE49;&#xE07;&#xE48;&#xE32;&#xE22;&#xE19;&#xE34;&#xE14;&#xE40;&#xE14;&#xE35;&#xE22;&#xE27; /</subfield>
    <subfield code="c">B Team.</subfield>
  </datafield>
  <datafield tag="260" ind1=" " ind2=" ">
    <subfield code="a">&#xE01;&#xE23;&#xE38;&#xE07;&#xE40;&#xE17;&#xE1E;&#xE2F; : </subfield>
    <subfield code="b">Book Caff, </subfield>
    <subfield code="c">2558.</subfield>
  </datafield>
  <datafield tag="300" ind1=" " ind2=" ">
    <subfield code="a">223 &#xE2B;&#xE19;&#xE49;&#xE32; ;</subfield>
    <subfield code="b"> </subfield>
    <subfield code="c">21 &#xE0B;&#xE21;.</subfield>
  </datafield>
  <datafield tag="650" ind1=" " ind2="4">
    <subfield code="a">&#xE20;&#xE32;&#xE29;&#xE32;&#xE2D;&#xE31;&#xE07;&#xE01;&#xE24;&#xE29;</subfield>
    <subfield code="9">227</subfield>
    <subfield code="x">&#xE04;&#xE33;&#xE28;&#xE31;&#xE1E;&#xE17;&#xE4C;</subfield>
  </datafield>
  <datafield tag="650" ind1=" " ind2="4">
    <subfield code="a">&#xE20;&#xE32;&#xE29;&#xE32;&#xE2D;&#xE31;&#xE07;&#xE01;&#xE24;&#xE29;</subfield>
    <subfield code="9">467</subfield>
    <subfield code="x">&#xE1A;&#xE17;&#xE2A;&#xE19;&#xE17;&#xE19;&#xE32;&#xE41;&#xE25;&#xE30;&#xE27;&#xE25;&#xE35;</subfield>
  </datafield>
  <datafield tag="850" ind1=" " ind2=" ">
    <subfield code="a">NALT</subfield>
  </datafield>
  <datafield tag="942" ind1=" " ind2=" ">
    <subfield code="c">GB</subfield>
    <subfield code="2">lcc</subfield>
  </datafield>
  <datafield tag="998" ind1=" " ind2=" ">
    <subfield code="j">180</subfield>
    <subfield code="k"> &#xE0A;&#xE27;&#xE19;&#xE1E;&#xE34;&#xE0A;&#xE0D;&#xE4C; &#xE23;&#xE31;&#xE15;&#xE19;&#xE32;&#xE44;&#xE1E;&#xE1A;&#xE39;&#xE25;&#xE22;&#xE4C;</subfield>
  </datafield>
  <datafield tag="952" ind1=" " ind2=" ">
    <subfield code="0">0</subfield>
    <subfield code="1">0</subfield>
    <subfield code="2">lcc</subfield>
    <subfield code="4">0</subfield>
    <subfield code="7">0</subfield>
    <subfield code="8">CGBL</subfield>
    <subfield code="a">NALT</subfield>
    <subfield code="b">NALT</subfield>
    <subfield code="e">&#xE08;&#xE31;&#xE14;&#xE0B;&#xE37;&#xE49;&#xE2D;&#xE17;&#xE23;&#xE31;&#xE1E;&#xE22;&#xE32;&#xE01;&#xE23;</subfield>
    <subfield code="g">175.00</subfield>
    <subfield code="l">0</subfield>
    <subfield code="o">PE 1131 &#xE1A;351&#xE2D; 2558</subfield>
    <subfield code="p">3961203884</subfield>
    <subfield code="r">2017-06-09 00:00:00</subfield>
    <subfield code="v">225.00</subfield>
    <subfield code="w">2017-06-09</subfield>
    <subfield code="y">GB</subfield>
  </datafield>
</record>
